Australia czy Nowa Zelandia? - Statystyki

Ogólne statystyki
  • Ten quiz został rozwiązany 4 193 razy
  • Średni wynik to 9 z 15
Statystyki odpowiedzi
Zagadnienie Odpowiedź % Poprawnych
Posiada większą powierzchnię Australia
99%
Ma na swojej fladze Krzyż Południa Oba
87%
Ma wyższą średnią temperaturę Australia
84%
Jest zamieszkała dłużej Australia
77%
Ma więcej lodowców Nowa Zelandia
73%
Ma więcej niż jeden język urzędowy Nowa Zelandia
63%
Występują tu rodzime ssaki torbacze Australia
62%
Jej stolica nie należy do pięciu największych miast Australia
62%
Przyjmowała brytyjskich skazańców w kolonialnych osadach karnych Australia
60%
Była pierwszym współczesnym krajem, który przyjął prawo wyborcze dla kobiet Nowa Zelandia
52%
Występują tu rodzime nielotne ptaki lądowe Oba
45%
Walczyła w czasie I i II wojny światowej Oba
34%
Ma wyższą górę Nowa Zelandia
32%
Zdobyła Puchar Świata w rugby Oba
30%
Ma więcej owiec niż ludzi Oba
10%
Nie znaleziono quizów pasujących do podanych kryteriów
Rozkład punktacji
Procent ludzi z każdym wynikiem
Percentyl według liczby udzielonych odpowiedzi
Twoja historia wyników
Nie rozwiązałeś tego quizu